000 00705nam a22002057a 4500
999 _c19564
_d19564
003 AR-CdUCM
008 190518b ||||| |||| 00| 0 spa d
040 _aMUNICIPALIDAD PROVINCIAL DEL CUSCO
_cBIBLIOTECA MUNICIPAL DEL CUSCO
082 _a985.54 /
_bD67
100 _aDíaz Martínez, Antonio
_940977
245 _aAyacucho :
_bHambre y esperanza /
260 _aAyacucho :
_bWaman puma,
_c1969.
300 _a183 páginas ;
_c25 cm.
505 _aContenido : Ayacucho y sus pampas -- El valle de Apurímac -- Tenencia y despilfarro...
650 _aHaciendas tradicionales
_940978
650 _aApurimac
_91025
650 _aAgricultura e emigración
_940979
942 _2ddc
_cLIBROS
945 _arcc